Медицинская иммунология. Т. 19, спецвып.: Материалы XVI Всероссийского научного Форума с международным участием имени академика В.И. Иоффе "Дни иммунологии в Санкт-Петербурге", 5-8 июня 2017 г. (Запись № 11892958)

Подробности
000 -МАРКЕР
контрольное поле 01813nam2a2200217 4500
001 - ИДЕНТИФИКАТОР ЗАПИСИ
контрольное поле RU\NLR\PER_A\003155425_000970
005 - ИДЕНТИФИКАТОР ВЕРСИИ
контрольное поле 20250626074512.0
035 ## - ДРУГИЕ СИСТЕМНЫЕ НОМЕРА
Идентификатор записи (NLR Aleph) 011479592
100 ## - ДАННЫЕ ОБЩЕЙ ОБРАБОТКИ
Данные общей обработки 20170927d2017 |||y0rusy50 ca
101 0# - ЯЗЫК РЕСУРСА
Язык текста, звукозаписи и т.д. русский
102 ## - СТРАНА ПУБЛИКАЦИИ ИЛИ ПРОИЗВОДСТВА
Страна публикации Российская Федерация
200 1# - ЗАГЛАВИЕ И СВЕДЕНИЯ ОБ ОТВЕТСТВЕННОСТИ
Основное заглавие Материалы XVI Всероссийского научного Форума с международным участием имени академика В.И. Иоффе "Дни иммунологии в Санкт-Петербурге", 5-8 июня 2017 г.
210 ## - ПУБЛИКАЦИЯ, РАСПРОСТРАНЕНИЕ И ДР.
Дата издания, распространения и т.д. 2017
Место издания, распространения и т.д. Б. м.
461 #0 - УРОВЕНЬ НАБОРА
Встроенное поле 001RU\NLR\INFOCOMM4\1000557763
-- 2001#$aМедицинская иммунология$eОфиц. журн. С.-Петерб. регион. отд-ния Рос. ассоц. аллергологов и клин. иммунологов$fС.-Петерб. регион. отд-ние Рос. ассоц. аллергологов и клин. иммунологов (СПб РО РААКИ)$vТ. 19, спецвып.
Системный номер (АБИС) связанной записи 3047058
Место публикации СПб.
Дата публикации 2001 -
Первые сведения об ответственности С.-Петерб. регион. отд-ние Рос. ассоц. аллергологов и клин. иммунологов (СПб РО РААКИ)
Имя издателя, распространителя и т.д. Нордмед – Издат
Сведения, относящиеся к заглавию Офиц. журн. С.-Петерб. регион. отд-ния Рос. ассоц. аллергологов и клин. иммунологов
Заглавие Медицинская иммунология
ISSN 1563-0625
Номер тома Т. 19, спецвып.
711 12 - НАИМЕНОВАНИЕ ОРГАНИЗАЦИИ - АЛЬТЕРНАТИВНАЯ ОТВЕТСТВЕННОСТЬ
Начальный элемент ввода "Дни иммунологии в Санкт-Петербурге", всероссийский научный форум с международным участием им. В. И. Иоффе
Порядковый номер временной организации и / или порядковый номер ее части 16
Дата проведения временной организации 2017
Системный номер авторитетной/нормативной записи 570278
Идентификатор авторитетной/нормативной записи RU\NLR\AUTH\880453324
852 ## - МЕСТОНАХОЖДЕНИЕ И ШИФР ХРАНЕНИЯ
Идентификатор организации NLR
Шифр хранения (Call Number) П17/790
942 ## - ДОПОЛНИТЕЛЬНЫЕ ЭЛЕМЕНТЫ ЗАПИСИ (АБИС)
Тип экземпляра АБИС Выпуск
980 ## - КОЛЛЕКЦИЯ
Название коллекции Национальная библиография
980 ## - КОЛЛЕКЦИЯ
Название коллекции Русская периодика

Нет доступных экземпляров.